01993cam a22003615a 4500999001700000001000900017005001700026008004100043010001700084020003900101040003300140043001200173082002400185100002600209245009000235250001200325260008600337300002800423504005100451505022500502520032000727650007101047650005601118650004601174650006301220650007501283650006301358651001001421653002001431655001701451942000801468952015501476 c27293d272642002782920190325131739.0170922t2018 ilu frb 001 0 eng d a 2017044800 a9780838916308 (print : alk. paper) aDLCbengcDLCdDLCdEG-ScBUE an-us---04a346.730482bHAR2221 aHarris, Lesley Ellen.10aLicensing digital content :ba practical guide for librarians /cLesley Ellen Harris. a3rd ed. aChicago :bALA Editions, an imprint of the American Library Association,cc.2018. axviii, 181 p. ;c23 cm. aIncludes bibliographical references and index.0 aWhen to license -- Demystifying the licensing experience -- Learning the lingo -- Key digital licensing clauses -- Boilerplate clauses -- Un-intimidating negotiations -- Questions and answers on licensing -- Go license!. a"Covering the basics of digital licensing for librarians, the new third edition provides a freshened look at all the key issues as well as updated sample agreement clauses. [This book will give] library professionals and students the understanding and the tools needed to negotiate and organize license agreements." 7aCopyrightxElectronic information resourceszUnited States.2BUEsh 7aCopyrightxElectronic information resources.2BUEsh 7aLicense agreementszUnited States.2BUEsh 7aLibraries and electronic publishingzUnited States.2BUEsh 7aAcquisition of electronic information resourceszUnited States.2BUEsh 7aLibrarianszUnited StatesxHandbooks, manuals, etc.2BUEsh 2BUEsh bGGENcMarch2019 vReading book 2ddc 00102ddc40708BaccahaMAINbMAINc1STd2019-03-25ePurchaseg1550.00l1m2o346.730482 HARp000044473r2025-07-15 00:00:00s2022-01-31v1937.50yBB